000 005330000a22001930004500
001 002918
003 MACL
005 20150715145840.0
008 150715b xxu||||| |||| 00| 0 eng d
040 _aMACL
_cMACL
041 _aEnglish
082 _a328
100 _aLok Sabha Secretariat,
_91162
245 _aBabu jagjivan Ram In Parliament
_bA Commemorative Vol
_cLok Sabha Secretariat
260 _aNew Delhi
_c2005
_bLok Sabha Secretariat,
350 _a1000
650 _aThe Legislative Process
_92224
942 _k328
_cBK
_2ddc
999 _c14825
_d14825